| 000 | 00732nam a2200193Ia 4500 | ||
|---|---|---|---|
| 005 | 20251020182553.0 | ||
| 008 | 200515s9999 xx 000 0 und d | ||
| 082 | _aR/658.562.92/Q9 | ||
| 100 | _aQUIROZ PERALTA, César A. | ||
| 245 | 0 | _aManual de referencia sobre conceptos ambientales | |
| 260 | _aSantafé de Bogotá, D.C. | ||
| 260 | _c1992 | ||
| 300 | _a136 | ||
| 520 | _aSe hace una explicación, al mismo tiempo concisa y comprensiva, de los términos frecuentemente utilizados con referencia al tratamiento de las interrelaciones entre ambiente, sociedad y desarrollo, tomado éste fundamentalmente como desarrollo a escala hum | ||
| 650 | _aDICCIONARIOS | ||
| 650 | _aLIB | ||
| 650 | _aMEDIO AMBIENTE | ||
| 942 | _cLIB | ||
| 999 |
_c2797 _d2797 |
||